Tương lai văn hóa Việt Nam

Saved in:
Bibliographic Details
Main Author: Hồ Hữu Tường
Format: Book
Language:Undetermined
Published: Sài Gòn Huệ Minh 1965
Subjects:
Tags: Add Tag
No Tags, Be the first to tag this record!
Institutions: Trung tâm Học liệu Trường Đại học Cần Thơ
LEADER 00533nam a2200181Ia 4500
001 CTU_5822
008 210402s9999 xx 000 0 und d
082 |a 306 
082 |b T561 
100 |a Hồ Hữu Tường 
245 0 |a Tương lai văn hóa Việt Nam 
245 0 |c Hồ Hữu Tường 
260 |a Sài Gòn 
260 |b Huệ Minh 
260 |c 1965 
650 |a vietnam - civilization 
904 |i Nguyễn Quang Điền, 960731 
980 |a Trung tâm Học liệu Trường Đại học Cần Thơ